Diseño más construcción del puesto de control de fronteras Peñas Blancas
Las prácticas profesionales constituyen una actividad de estudio y trabajo que bajo régimen de tutoría atiende a la formación profesional del estudiante, mediante el desempeño de labores profesionales en una obra en construcción. La práctica profesional se orienta hacia la adquisición de con...
| Main Authors: | , |
|---|---|
| Other Authors: | |
| Format: | Tesis Section = Libro |
| Language: | Undetermined Spanish |
| Published: |
Managua
UNI
2017
|
| Subjects: |
| LEADER | 01489nam a2200277Ia 4500 | ||
|---|---|---|---|
| 008 | 240830s9999 xx 000 0 und d | ||
| 040 | |a BIBLIOTECA-RUSB/ Mon 712.3 G939 | ||
| 041 | |a spa | ||
| 082 | |a Mon 712.3 G939 | ||
| 100 | 1 | |a Guevara Guerrero, Chelvi Esmeralda | |
| 100 | 1 | |b Artola Hernández, Leyjania Lourdes | |
| 245 | 1 | 0 | |a Diseño más construcción del puesto de control de fronteras Peñas Blancas |
| 260 | |a Managua |b UNI |c 2017 | ||
| 300 | |a 64 p. :il. | ||
| 500 | |a Informe de prácticas profesionales. | ||
| 502 | |a Tesis (Arquitecto) - UNI, 2017. | ||
| 520 | 3 | |a Las prácticas profesionales constituyen una actividad de estudio y trabajo que bajo régimen de tutoría atiende a la formación profesional del estudiante, mediante el desempeño de labores profesionales en una obra en construcción. La práctica profesional se orienta hacia la adquisición de conocimientos prácticos, la toma de decisiones y la selección de opciones, según criterios que se adquieran en el transcurso de la misma. Mediante las prácticas se logra una mejor evaluación y desempeño de las competencias profesionales requeridas por la empresa. | |
| 650 | 7 | |a PRACTICAS PROFESIONALES | |
| 650 | 7 | |b FORMACION PROFESIONAL | |
| 650 | 7 | |c EDIFICIOS-DISEÑO Y CONSTRUCCION | |
| 650 | 7 | |d DISEÑO ARQUITECTONICO | |
| 650 | 7 | |e ARQUITECTURA-DISEÑO Y PLANOS | |
| 700 | 1 | |a Tutor: |b Zelaya González, Johanna del Carmen | |
| 942 | |c BK |2 ddc | ||
| 991 | |a TESIS | ||
| 999 | |c 21057 | ||